Normal view
MARC view
- Juvenile Nonfiction / Concepts / Counting & Numbers
Entry Topical Term
001 - CONTROL NUMBER
- control field: 130555
003 - CONTROL NUMBER IDENTIFIER
- control field: NUST
005 - DATE AND TIME OF LATEST TRANSACTION
- control field: 20250922124935.0
008 - FIXED-LENGTH DATA ELEMENTS
- fixed length control field: 250922|| aca||aabn | a|a d
040 ## - CATALOGING SOURCE
- Original cataloging agency: NUST
- Transcribing agency: NUST
150 ## - HEADING--TOPICAL TERM
- Topical term or geographic name entry element: Juvenile Nonfiction / Concepts / Counting & Numbers
670 ## - SOURCE DATA FOUND
- Source citation: Work cat.: (NUST): Crabtree, Sally CRA 130554, Ten Chuckling Ducklings /, 2007.
